The noble scholar, jurist, historian


 His Excellency Dr. Abdul Wahhab bin Ibrahim Abu Sulaiman, may Allah have mercy on him.


 He was born in Umm Al-Qura in the year 1356 AH.

الحقيقة والمجاز في الرحلة إلى بلاد الشام ومصر والحجاز / (Record no. 6225)

MARC details
000 -LEADER
fixed length control field 01422nam a22003131i 4500
003 - CONTROL NUMBER IDENTIFIER
control field SA-RiAUC
005 - DATE AND TIME OF LATEST TRANSACTION
control field 20250226100607.0
008 - FIXED-LENGTH DATA ELEMENTS--GENERAL INFORMATION
fixed length control field 250226s1989 sy g 000 0 ara c
040 ## - CATALOGING SOURCE
Original cataloging agency JO-IrYU
Language of cataloging ara
Transcribing agency SA-RiAUC
Description conventions rda
043 ## - GEOGRAPHIC AREA CODE
Geographic area code f-ua---
-- aw-----
-- a-su---
082 04 - DEWEY DECIMAL CLASSIFICATION NUMBER
Classification number 915.604
090 ## - LOCALLY ASSIGNED LC-TYPE CALL NUMBER (OCLC); LOCAL CALL NUMBER (RLIN)
Classification number (OCLC) (R) ; Classification number, CALL (RLIN) (NR) 915.604
Local cutter number (OCLC) ; Book number/undivided call number, CALL (RLIN) ع ب د غ
100 1# - MAIN ENTRY--PERSONAL NAME
Personal name عبد الغني النابلسي، عبد الغني بن إسماعيل بن عبد الغني،
Dates associated with a name 1050-1143 هجري
Relator term مؤلف.
245 12 - TITLE STATEMENT
Title الحقيقة والمجاز في الرحلة إلى بلاد الشام ومصر والحجاز /
Statement of responsibility, etc. عبد الغني النابلسي ؛ تحقيق رياض عبد الحميد مراد.
264 #1 - PRODUCTION, PUBLICATION, DISTRIBUTION, MANUFACTURE, AND COPYRIGHT NOTICE
Place of production, publication, distribution, manufacture دمشق :
Name of producer, publisher, distributor, manufacturer دار المعرفة،
Date of production, publication, distribution, manufacture, or copyright notice 1989
300 ## - PHYSICAL DESCRIPTION
Extent 484 صفحة؛
Dimensions 30 سم
336 ## - CONTENT TYPE
Content type term نص
Content type code txt
Source rdacontent
Materials specified كتاب
337 ## - MEDIA TYPE
Media type term بدون وسيط
Media type code n
Source rdamedia
338 ## - CARRIER TYPE
Carrier type term مجلد
Carrier type code nc
Source rdacarrier
500 ## - GENERAL NOTE
General note اهداء من فهيم بن شلتوت بتاريخ 9/ 7 /1407هـ
651 #7 - SUBJECT ADDED ENTRY--GEOGRAPHIC NAME
Geographic name الشرق الأوسط
General subdivision وصف ورحلات
Source of heading or term aucsh
651 #7 - SUBJECT ADDED ENTRY--GEOGRAPHIC NAME
Geographic name بلاد الشام
General subdivision وصف ورحلات
Source of heading or term aucsh
651 #7 - SUBJECT ADDED ENTRY--GEOGRAPHIC NAME
Geographic name مصر
General subdivision وصف ورحلات
Source of heading or term aucsh
651 #7 - SUBJECT ADDED ENTRY--GEOGRAPHIC NAME
Geographic name الحجاز (السعودية)
General subdivision وصف ورحلات
Source of heading or term aucsh
700 1# - ADDED ENTRY--PERSONAL NAME
Personal name مراد، رياض عبد الحميد
Relator term محقق.
942 ## - ADDED ENTRY ELEMENTS (KOHA)
Source of classification or shelving scheme Dewey Decimal Classification
Koha item type Books
Suppress in OPAC No
949 ## - LOCAL PROCESSING INFORMATION (OCLC)
a SA-JeALM
d 250226
u eid123
n 1
Holdings
Withdrawn status Lost status Source of classification or shelving scheme Damaged status Not for loan Collection Home library Current library Date acquired Total checkouts Full call number Barcode Date last seen Price effective from Koha item type
    Dewey Decimal Classification     اهداء DR AbdElwahab Library DR AbdElwahab Library 02/26/2025   915.604 ع ب د غ 000010399 02/26/2025 02/26/2025 Books
    Dewey Decimal Classification     اهداء DR AbdElwahab Library DR AbdElwahab Library 02/26/2025   915.604 ع ب د غ 000010400 02/26/2025 02/26/2025 Books